| 000 -LEADER |
| fixed length control field |
00401nam a22001457a 4500 |
| 003 - CONTROL NUMBER IDENTIFIER |
| control field |
OSt |
| 005 - DATE AND TIME OF LATEST TRANSACTION |
| control field |
20200804132417.0 |
| 008 - FIXED-LENGTH DATA ELEMENTS--GENERAL INFORMATION |
| fixed length control field |
200804b ||||| |||| 00| 0 eng d |
| 020 ## - INTERNATIONAL STANDARD BOOK NUMBER |
| International Standard Book Number |
9781138996137 |
| 082 ## - DEWEY DECIMAL CLASSIFICATION NUMBER |
| Classification number |
363.6 |
| Item number |
GUY |
| 100 ## - MAIN ENTRY--PERSONAL NAME |
| Personal name |
Guy, Simon |
| 110 ## - MAIN ENTRY--CORPORATE NAME |
| Corporate name or jurisdiction name as entry element |
Marvin, Simon, 1963 |
| 245 ## - TITLE STATEMENT |
| Title |
Shaping urban infrastructures : intermediaries and the governance of socio-technical networks |
| 942 ## - ADDED ENTRY ELEMENTS (KOHA) |
| Source of classification or shelving scheme |
|